LIBRARY & INFORMATION CENTRE, KCAET, TAVANUR

ONLINE PUBLIC ACCESS CATALOGUE (OPAC)

Learn yourself Photoshop / (Record no. 13332)

MARC details
000 -LEADER
fixed length control field 00486cam a2200193ua 4500
041 ## - LANGUAGE CODE
Language code of text/sound track or separate title eng
082 ## - DEWEY DECIMAL CLASSIFICATION NUMBER
Classification number 005.713
Item number SIN/PH
100 ## - MAIN ENTRY--AUTHOR NAME
Personal name Singh, Vishnu Priya .
245 ## - TITLE STATEMENT
Title Learn yourself Photoshop /
250 ## - EDITION STATEMENT
Edition statement 2 /
260 ## - PUBLICATION, DISTRIBUTION, ETC. (IMPRINT)
Place of publication Delhi :
Name of publisher Asian Publishers ,
Year of publication 2000.
300 ## - PHYSICAL DESCRIPTION
Number of Pages 255 ; .
700 1# - ADDED ENTRY--PERSONAL NAME
Personal name Singh, Meenakshi .
942 ## - ADDED ENTRY ELEMENTS (KOHA)
Koha item type Books
Holdings
Withdrawn status Lost status Damaged status Home library Current library Date acquired Full call number Accession Number Koha item type
      KAUAET KAUAET 07/04/2012 005.713 21645 Books
free website counter